=LDR 00000nam 2200000 4500 =001 INLIS000000000019175 =005 20130612114255 =008 ***********************************Ind** =035 ##$$0010-061300000019175 =041 ##$$a Ind =082 ##$$a 028.5 =090 ##$$a 028.5, Les l =100 ##$$a Lestari, Astri =245 ##$$a Linda punya kebun pepaya, Astry Lestari =260 ##$$a 1996 $b Bandung =300 ##$$a vii, 83 hlm, ilus, 21 cm =650 ##$$a Bacaan anak-anak =850 ##$$a NBPNMAT